000 01794nam0a2200337 4500
001 RU\NLR\bibl\1143348
005 20250615074356.0
010 _a5-230-04956-8
_9150
021 _aRU
_b2007-61409
_93281
035 _a(NLR Aleph) 001130190
090 _a1352993
_c1352993
100 _a20071019d2007 |||y0rusy50 ca
101 0 _arus
102 _aRU
105 _aa |||||||||
200 1 _aИзмерители - регуляторы ПО "ОВЕН"
_eучебное пособие направление подготовки дипломированного специалиста 654600 - Информатика и вычислительная техника (для заочной формы обучения)
_fС.Н. Савченко, Н.И. Дюков
_gФедер. агентство по образованию, Волгогр. гос. техн. ун-т, Волж. политехн. ин-т (фил.)
210 _aВолгоград
_cПолитехник
_d2007
215 _a79 с.
_cил.
_d20
313 _aрегуляторы для АСУТП
320 _aБиблиогр.: с. 79 (12 назв.)
606 1 _aАвтоматические регуляторы
_jУчебные издания для высших учебных заведений
_91129625
_3RU\NLR\auth\66129176
606 1 _aАСУТП
_jУчебные издания для высших учебных заведений
_92078470
_3RU\NLR\auth\661254329
686 _aЗ986.1-048.9я73-1
700 1 _aСавченко
_bС. Н.
_gСветлана Николаевна
_4070
701 1 _aДюков
_bН. И.
_gНиколай Иванович
_4070
801 0 _aRU
_bNLR
_c20071019
_gRCR
801 1 _aRU
_bNLR
_c20071019
830 _aавт. по кн.
942 _cBOOK
980 _aNB